| 000 | 00598nam a2200205 a 4500 | ||
|---|---|---|---|
| 005 | 20210223132327.0 | ||
| 008 | 140402s2006 mx r 000 0 spa d | ||
| 020 | _a9789583019005 | ||
| 035 | _aUPN01000196788 | ||
| 049 | _aI | ||
| 050 | 4 |
_aQA95 _bK4.6 |
|
| 100 | 1 |
_aKing, Andrew _933912 |
|
| 245 | 1 | 0 |
_aPeso y tiempo / _cAndrew King ; tr. María Clara González. |
| 260 |
_aBogotá : _bPanamericana, _c2006. |
||
| 300 |
_a32 p. : _bil. col. |
||
| 440 | 0 | _aJóvenes científicos | |
| 650 | 4 |
_aRECREACIONES MATEMATICAS - _vLITERATURA INFANTIL _921623 |
|
| 905 | _aInfantil | ||
| 999 |
_c168889 _d168889 |
||